States of Mexico - Map Click Quiz - Statistics

General Stats
  • This quiz has been taken 34 times
  • The average score is 18 of 32
Answers on the Map
Answers color-coded by a green-red scale on the quiz's map according to % correct below.
 
Answer Stats
Answer % Correct
Baja California
80%
Baja California Sur
80%
Mexico City
80%
Chihuahua
73%
Oaxaca
73%
Yucatán
73%
Nayarit
67%
Nuevo León
67%
Puebla
67%
Sonora
67%
Tamaulipas
67%
Veracruz
67%
Chiapas
60%
Coahuila
60%
México
60%
Colima
53%
Guerrero
53%
Quintana Roo
53%
Tlaxcala
53%
Aguascalientes
47%
Durango
47%
San Luis Potosí
47%
Sinaloa
47%
Tabasco
47%
Zacatecas
47%
Jalisco
40%
Morelos
40%
Campeche
33%
Guanajuato
33%
Hidalgo
33%
Michoacán
33%
Querétaro
20%
No matching quizzes found
Score Distribution
Percent of People with Each Score
Percentile by Number Answered
Your Score History
You have not taken this quiz